Forbes' Highest Paid Athletes 2020 - Statistics

General Stats
  • This quiz has been taken 23 times
  • The average score is 30 of 100
Answer Stats
Sport Athlete % Correct
Basketball LeBron James
96%
Tennis Roger Federer
96%
Football Cristiano Ronaldo
91%
Football Lionel Messi
91%
Golf Tiger Woods
91%
American Football Tom Brady
83%
Football Neymar
78%
Tennis Rafael Nadal
78%
Basketball Stephen Curry
74%
Mixed Martial Arts Conor McGregor
70%
Auto Racing Lewis Hamilton
70%
Tennis Novak Djokovic
70%
American Football Quinnen Williams
70%
Tennis Serena Williams
70%
Basketball James Harden
61%
Football Kylian Mbappe
57%
Basketball Kevin Durant
52%
Boxing Tyson Fury
52%
Boxing Anthony Joshua
48%
Golf Rory McIlroy
48%
Basketball Chris Paul
43%
Football Gareth Bale
43%
Basketball Giannis Antetokounmpo
43%
American Football Julio Jones
43%
Basketball Kawhi Leonard
43%
Basketball Kyrie Irving
43%
Auto Racing Sebastian Vettel
43%
American Football Aaron Rodgers
39%
Basketball Anthony Davis
39%
Basketball Paul George
39%
Basketball Joel Embiid
35%
Basketball Klay Thompson
35%
Football Mohamed Salah
35%
Basketball Russell Westbrook
35%
American Football Shaq Thompson
35%
Boxing Deontay Wilder
30%
American Football Drew Brees
30%
American Football Jared Goff
30%
Basketball John Wall
30%
Football Paul Pogba
30%
Basketball Bradley Beal
26%
Basketball Damian Lillard
26%
Basketball Kevin Love
26%
American Football Matt Ryan
26%
Golf Phil Mickelson
26%
Basketball Andre Drummond
22%
American Football Ben Roethlisberger
22%
Boxing Canelo Alvarez
22%
American Football Carson Wentz
22%
Basketball Jimmy Butler
22%
Basketball Kemba Walker
22%
American Football Kirk Cousins
22%
Football Mesut Ozil
22%
American Football Michael Thomas
22%
Tennis Naomi Osaka
22%
American Football Philip Rivers
22%
Football Antoine Griezmann
17%
Basketball Blake Griffin
17%
American Football Cam Newton
17%
Basketball CJ McCollum
17%
Football David De Gea
17%
Basketball Devin Booker
17%
Golf Jordan Spieth
17%
Basketball Karl-Anthony Towns
17%
American Football Nick Bosa
17%
American Football Ryan Tannehill
17%
Football Sergio Ramos
17%
Cricket Virat Kohli
17%
Football Alexis Sánchez
13%
Basketball Al Horford
13%
Baseball Clayton Kershaw
13%
Basketball DeMar DeRozan
13%
American Football Derek Carr
13%
American Football Ezekiel Elliott
13%
Basketball Gordon Hayward
13%
Tennis Kei Nishikori
13%
Basketball Kristaps Porzingis
13%
Basketball Kyle Lowry
13%
Basketball Mike Conley, Jr.
13%
Football Oscar
13%
Basketball Tobias Harris
13%
Basketball Zion Williamson
13%
Football Andres Iniesta
9%
American Football Andrus Peat
9%
American Football Christian McCaffrey
9%
Basketball D'Angelo Russell
9%
Auto Racing Daniel Ricciardo
9%
American Football Bobby Wagner
4%
Basketball Khris Middleton
4%
Basketball Paul Millsap
4%
American Football Amari Cooper
0%
American Football Arik Armstead
0%
American Football Calais Campbell
0%
American Football Dante Fowler, Jr.
0%
American Football Darius Slay
0%
American Football D.J. Reader
0%
American Football Grady Jarrett
0%
American Football Marcus Mariota
0%
American Football Robert Quinn
0%
American Football Trae Waynes
0%
No matching quizzes found
Score Distribution
Percent of People with Each Score
Percentile by Number Answered
Your Score History
You have not taken this quiz